Countries by Most World Number 1 Golfers - Statistics

General Stats
  • This quiz has been taken 50 times
  • The average score is 7 of 9
Answer Stats
N Country # Most Recent Player Year of Most Recent % Correct
1 United States 6 Scottie Scheffler 2023
100%
5 Ireland 1 Rory McIlroy 2022
96%
2 Australia 2 Jason Day 2016
89%
2 England 2 Luke Donald 2011
89%
2 Spain 2 John Ram 2021
87%
5 South Africa 1 Ernest Els 1997
85%
5 Wales 1 Ian Woosnam 1991
70%
5 Fiji 1 Vijay Singh 2004
66%
5 Zimbabwe 1 Nick Price 1994
45%
No matching quizzes found
Score Distribution
Percent of People with Each Score
Percentile by Number Answered
Your Score History
You have not taken this quiz